Устав Всесоюзной Коммунистической Партии (большевиков). Секция Коммунистического Интернационала

Bibliographische Detailangaben
Zusammenfassung:Принят единогласно XVII съездом ВКП(б)
Sprache:Russisch
Veröffentlicht: Москва, Ленпартиздат, 1934
Schlagworte:
Format: MixedMaterials Buch
KOHA link:https://koha.lib.tpu.ru/cgi-bin/koha/opac-detail.pl?biblionumber=251691

MARC

LEADER 00000nam0a2200000 4500
001 251691
005 20231031213603.0
020 |a RU  |b 91-14167 
035 |a (RuTPU)RU\TPU\book\273999 
035 |a RU\TPU\book\273938 
090 |a 251691 
100 |a 20140224d1934 m y0rusy5003 ca 
101 0 |a rus 
102 |a RU 
105 |a y z 000zy 
200 1 |a Устав Всесоюзной Коммунистической Партии (большевиков). Секция Коммунистического Интернационала 
210 |a Москва  |c Ленпартиздат  |d 1934 
215 |a 30 с.  |d 12,5 см. 
300 |a Принят единогласно XVII съездом ВКП(б) 
512 1 |a Устав ВКП(б) 
610 1 |a Коммунистическая партия Советского Союза 
610 1 |a члены партии 
610 1 |a права 
610 1 |a обязанности 
610 1 |a внутрипартийная демократия 
610 1 |a строение 
610 1 |a коммунисты 
610 1 |a денежные средства 
610 1 |a миниатюрные издания 
675 |a 3КП  |v 3 
686 |a Ч611.68  |2 rubbk 
801 0 |a RU  |b RuMRKP  |c 19950417  |g psbo 
801 1 |a RU  |b 63413507  |c 20110915 
801 2 |a RU  |b 63413507  |c 20140224  |g RCR 
942 |c BK